000 00931cam a2200277 a 4500
001 61929
003 BD-RjUL
005 20211209081024.0
008 170122r20022001enka b 001 0 eng d
020 _a0521004381 (pbk.)
020 _a0521802954
035 _a(BD-RjUL)62054
040 _aBXM
_cBXM
_dBD-RjUL
_beng
041 _aeng
082 0 0 _a700.4113
_223
_bHEP 2002
100 1 _aHeartney, Eleanor,
_d1954-
_9184327
245 1 0 _aPostmodernism /
_cEleanor Heartney.
260 _aCambridge, U.K. ;
_aNew York, N.Y. :
_bCambridge University Press,
_c2001 [reprinted 2002]
300 _a80 p. :
_bill. ;
_c24 cm.
490 1 _aMovements in modern art
504 _aIncludes bibliographical references (p. 78) and index.
650 0 _aPostmodernism
_xHistory.
_9184328
650 0 _aArt, Modern
_y20th century
_xThemes, motives.
_9184329
830 0 _aMovements in modern art (Cambridge, England).
_9190086
942 _2ddc
_cBK
999 _c61929
_d61929